|
|
|
|
| LEADER |
01175naa a2200229 i 4500 |
| 001 |
acta85830 |
| 005 |
20241204123146.0 |
| 008 |
241204s2024 hu o 100 hun d |
| 040 |
|
|
|a SZTE Egyetemi Kiadványok Repozitórium
|b hun
|
| 041 |
|
|
|a hun
|
| 100 |
1 |
|
|a Gellai Fanni
|
| 245 |
1 |
2 |
|a A mohácsi III. számú tömegsír embertani leletanyagának postcranialis elemein megfigyelt perimortem sérülések előzetes oszteoarcheológiai vizsgálatának eredményei
|h [elektronikus dokumentum] :
|b [absztrakt] /
|c Gellai Fanni
|
| 260 |
|
|
|a Szegedi Tudományegyetem Móra Ferenc Szakkollégium
|b Szeged
|c 2024
|
| 300 |
|
|
|a 71-72
|
| 490 |
0 |
|
|a Móra Kárpát-medencei Interdiszciplináris Szakkollégiumi Konferencia
|v 8
|
| 650 |
|
4 |
|a Társadalomtudományok
|
| 650 |
|
4 |
|a Szociológia
|
| 650 |
|
4 |
|a Bölcsészettudományok
|
| 650 |
|
4 |
|a Történettudomány és régészet
|
| 695 |
|
|
|a Régészet - leletek - Magyarország - előadáskivonat, Embertan - előadáskivonat
|
| 711 |
|
|
|a VIII. Móra Kárpát-medencei Interdiszciplináris Szakkollégiumi Konferencia
|c Szeged
|d 2024. november 22-24.
|
| 856 |
4 |
0 |
|u http://acta.bibl.u-szeged.hu/85830/1/morakonf_2024_071-072.pdf
|z Dokumentum-elérés
|